000 00410pab a2200169 454500
008 180718b2014 xxu||||| |||| 00| 0 eng d
100 _aNayar, Kuldip
245 _aPolitics of Kashmir
260 _c2014
300 _ap.7-8.
362 _a30 Aug
650 _aJammu and Kashmir - Politics and government
650 _aPolitics and government
773 _aMainstream
908 _aN
909 _a105245
999 _c105240
_d105240